| 000 | 00797nam a2200265Ia 4500 | ||
|---|---|---|---|
| 003 | OSt | ||
| 005 | 20220926024648.0 | ||
| 006 | a|||||r|||| 00| 0 | ||
| 007 | ta | ||
| 008 | 220923b |||||||| |||| 00| 0 eng d | ||
| 020 | _a075624329 | ||
| 037 | _cGeneral Book | ||
| 040 |
_aRTL _cRTL _beng |
||
| 041 |
_2eng _aeng |
||
| 082 | _aX9(D6,9(B):8K, N5 | ||
| 100 |
_aRemenyi Dan and others _9331322 |
||
| 245 | 0 | _aEffective measurement and management of it costs and benefits | |
| 260 |
_aOxford _bButterworth-Heinemann _c1995 |
||
| 300 |
_aviii, 284p _ccm. |
||
| 500 | _aBibliography: P 256-62 | ||
| 650 | _a Computer Science | ||
| 650 | _aIndustrial Economics | ||
| 942 |
_hX9(D6,9(B):8K, N5 _cGB _2CC |
||
| 999 |
_c645137 _d645137 |
||